Управление самостоятельной работой студентов (системное стимулиривание): учебное пособие

Bibliographic Details
Main Author: Гликман И. З. Иосиф Залманович
Language:Russian
Published: Москва, Логос, 2002
Subjects:
Format: Book
KOHA link:https://koha.lib.tpu.ru/cgi-bin/koha/opac-detail.pl?biblionumber=57157

MARC

LEADER 00000nam0a2200000 4500
001 57157
005 20231031054106.0
010 |a 5940101577 
035 |a (RuTPU)RU\TPU\book\60292 
090 |a 57157 
100 |a 20031024d2002 m y0rusy50 ca 
101 0 |a rus 
102 |a RU 
105 |a y j 000zy 
200 1 |a Управление самостоятельной работой студентов (системное стимулиривание)  |e учебное пособие  |f И. З. Гликман 
210 |a Москва  |c Логос  |d 2002 
215 |a 24 с. 
610 1 |a высшее образование 
610 1 |a студенты 
610 1 |a самостоятельные работы 
610 1 |a управление 
610 1 |a успеваемость 
610 1 |a рейтинговый учет 
610 1 |a учебные пособия 
686 |a Ч481.267я73  |v LBC/SL-A  |2 rubbk 
700 1 |a Гликман  |b И. З.  |g Иосиф Залманович 
801 1 |a RU  |b 63413507  |c 20031024  |g PSBO 
801 2 |a RU  |b 63413507  |c 20070726  |g PSBO 
942 |c BK